000 00435nam a2200181Ia 4500
005 20250423094624.0
008 250422s9999 xx 000 0 und d
020 _a9780935702347
050 _aQD 37 .G64/
100 _aGray, Harry B.
245 0 _aBraving the elements
260 _aSausalito
260 _bUniversity Science Books
260 _c1995
300 _a418 p
650 _aChemistry --Popular works.
942 _cBK
999 _c27798
_d27798